000 00441nam a22001457a 4500
999 _c518841
_d518841
020 _a978939065886
082 _aD2x73 D969
100 _aDwivedi, Manan
_928828
245 _aAbout America: beyond the Oregon trail
_cby Manan Dwivedi and Raghubansh Sinha
260 _aNew Delhi
_bAne Books
_c2021
300 _a164p.
650 _aDiplomacy
_929718
650 _aUnited States - Foreign relations
_929719
700 _aSinha, Raghubansh
_928829